Catálogo - Centro de Recursos para el Aprendizaje y la Investigación
Volver al Sitio - CRAI Biblioteca| 000 -CABECERA | |
|---|---|
| campo de control de longitud fija | 01397nam a2200217Ia 4500 |
| 001 - NÚMERO DE CONTROL | |
| campo de control | 114165 |
| 003 - IDENTIFICADOR DEL NÚMERO DE CONTROL | |
| campo de control | DR-UNIBE |
| 005 - FECHA Y HORA DE LA ÚLTIMA TRANSACCIÓN | |
| campo de control | 20251017112040.0 |
| 008 - DATOS DE LONGITUD FIJA--INFORMACIÓN GENERAL | |
| campo de control de longitud fija | 251016b2025 dr ||||| |||| 00| 0 spa d |
| 040 ## - FUENTE DE LA CATALOGACIÓN | |
| Centro catalogador/agencia de origen | BIBLIOTECA UNIBE |
| Centro/agencia transcriptor | BIBLIOTECA UNIBE |
| Normas de descripción | rda |
| 041 ## - CÓDIGO DE LENGUA | |
| Código de lengua del texto/banda sonora o título independiente | spa |
| 082 0# - NÚMERO DE LA CLASIFICACIÓN DECIMAL DEWEY | |
| Número de clasificación | RD 342.0269 R426m |
| 110 2# - ENTRADA PRINCIPAL--NOMBRE DE ENTIDAD CORPORATIVA | |
| Nombre de entidad corporativa o nombre de jurisdicción como elemento de entrada | República Dominicana. Tribunal Superior Electoral (TSE) |
| 9 (RLIN) | 37172 |
| 245 10 - MENCIÓN DE TÍTULO | |
| Título | Memoria gestión : |
| Mención de responsabilidad, etc. | 2021- 2025 |
| 260 4# - PUBLICACIÓN, DISTRIBUCIÓN, ETC. | |
| Lugar de publicación, distribución, etc. | Santo Domingo : |
| Nombre del editor, distribuidor, etc. | Tribunal Superior Electoral (TSE), |
| Fecha de publicación, distribución, etc. | 2025 |
| 300 4# - DESCRIPCIÓN FÍSICA | |
| Extensión | 226 páginas : |
| Otras características físicas | ilustraciones |
| 505 ## - NOTA DE CONTENIDO CON FORMATO | |
| Nota de contenido con formato | 1. Presentación |<br/>2. Marco filosófico institucional |<br/>3. Base legal |<br/>4. Planificación estratégica y operativa |<br/>5. Gestión jurisdiccional |<br/>6. Relaciones internacionales |<br/>7. Gestión de presidencia |<br/>8. Despacho de jueces |<br/>9. Secretaría general |<br/>10. Capacitación en justicia electoral |<br/>11. Fortalecimiento las normativas |<br/>12. Actividades oficiales |<br/>13. Visitas distinguidas |<br/>14. Gestión del talento humano |<br/>15. Sistema seguridad y salud ocupacional |<br/>16. Igualdad y equidad de género |<br/>17. Transparencia |<br/>18. Publicaciones |<br/>19. Avances tecnológicos |<br/>20. Labor administrativa |<br/>21. Finanzas del TSE |<br/>22. Actividades internas | |
| 650 #7 - PUNTO DE ACCESO ADICIONAL DE MATERIA--TÉRMINO DE MATERIA | |
| Fuente del encabezamiento o término | lemb |
| Término de materia o nombre geográfico como elemento de entrada | Tribunales |
| Subdivisión de forma | Memorias e informes |
| Subdivisión geográfica | República Dominicana |
| 9 (RLIN) | 200060 |
| 951 ## - EQUIVALENCIA O REFERENCIA-CRUZADA--NOMBRE GEOGRÁFICO/NOMBRE DE ÁREA [OBSOLETO] [solamente CAN/MARC] | |
| Nombre geográfico | 20061022 10:18:00 |
| 942 ## - ELEMENTOS DE PUNTO DE ACCESO ADICIONAL (KOHA) | |
| Tipo de ítem Koha | Libro (general) |
| Fuente del sistema de clasificación o colocación | Sistema de Clasificación Decimal Dewey |
| Estado de retiro | Estado de pérdida | Fuente del sistema de clasificación o colocación | No para préstamo | Código de colección | Localización permanente | Fecha de adquisición | Total de préstamos | Signatura topográfica completa | Código de barras | Fecha visto por última vez | Número de copia | Precio válido a partir de | Tipo de ítem Koha |
|---|---|---|---|---|---|---|---|---|---|---|---|---|---|
| Disponible | Sistema de Clasificación Decimal Dewey | General - Libros dominicanos | Biblioteca Central UNIBE | 17/10/2025 | RD 342.0269 R426m | 251094 | 17/10/2025 | Ej. 1 | 17/10/2025 | Libro (general) |